[Event "ch-Frankfurt A"]
[Site "Frankfurt Main"]
[Date "2025.05.19"]
[Round "4.39"]
[White "Muthig, Holger"]
[Black "Stricker, Konstantin"]
[Result "1-0"]
[WhiteElo "1810"]
[BlackElo "1799"]
[PlyCount "73"]
[EventDate "2025.04.28"]
[EventType "swiss"]
[EventRounds "7"]
[EventCountry "GER"]
[BlackTeam "SC Eschbach im Usinger Land"]

1. d4 Nf6 2. c4 d5 3. cxd5 Nxd5 4. e4 Nf6 5. Bd3 c6 6. Ne2 e6 7. O-O Be7 8. Nbc3 O-O 9. Be3 Nbd7 10. Rc1 Ng4 11. Qd2 Nxe3 12. Qxe3 e5 13. dxe5 Nxe5 14. Bb1 Nc4 15. Qg3 Bd6 16. Qd3 Nxb2 17. Qc2 Nc4 18. e5 g6 19. exd6 Bf5 20. Qd1 Nxd6 21. Ng3 Bxb1 22. Rxb1 Qc7 23. Qf3 Nc4 24. Rfd1 Rad8 25. Rxd8 Rxd8 26. Rd1 Rxd1+ 27. Qxd1 Qe5 28. Nge2 Qg5 29. Qd4 Nd2 30. Qf4 Qd8 31. h3 b5 32. Ne4 Nxe4 33. Qxe4 f5 34. Qe6+ Kf8 35. Nf4 Qe8 36. Qf6+ Kg8 37. Ne6 1-0

[Event "ch-Frankfurt A"]
[Site "Frankfurt Main"]
[Date "2025.05.19"]
[Round "4.42"]
[White "Grünzig, Matthias"]
[Black "Schäfers, Serge"]
[Result "1/2-1/2"]
[WhiteElo "1687"]
[BlackElo "1846"]
[PlyCount "109"]
[EventDate "2025.04.28"]
[EventType "swiss"]
[EventRounds "7"]
[EventCountry "GER"]
[WhiteTeam "FV Berkersheim"]
[BlackTeam "TSV Bindlach Aktionär"]

1. d4 Nf6 2. e3 d5 3. c4 e6 4. Nf3 c5 5. Nc3 Nc6 6. Be2 Be7 7. O-O O-O 8. cxd5 Nxd5 9. Nxd5 Qxd5 10. dxc5 Bxc5 11. Qxd5 exd5 12. a3 a5 13. Rd1 Be6 14. Bd2 d4 15. Rac1 dxe3 16. Rxc5 exd2 17. Rxd2 Rfd8 18. Rxd8+ Rxd8 19. Rc1 f6 20. h3 Kf7 21. Bc4 Bxc4 22. Rxc4 Rd1+ 23. Kh2 Ke6 24. Rc2 Kd6 25. g3 Nd4 26. Nxd4 Rxd4 27. Kg2 b5 28. Rc3 Rd2 29. Rb3 Kc5 30. Rc3+ Kb6 31. Rb3 a4 32. Rb4 Kc5 33. Rh4 h6 34. b4+ axb3 35. Rb4 Rd3 36. h4 b2 37. Rxb2 Rxa3 38. Rc2+ Kd4 39. Rc7 g6 40. Rc6 g5 41. hxg5 hxg5 42. Rxf6 Rc3 43. Rb6 Rc5 44. Kh3 Kc3 45. f4 gxf4 46. gxf4 b4 47. Kg4 b3 48. f5 b2 49. Kg5 Kc2 50. Kg6 b1=Q 51. Rxb1 Kxb1 52. f6 Rc3 53. f7 Rg3+ 54. Kh7 Rf3 55. Kg7 1/2-1/2

[Event "ch-Frankfurt A"]
[Site "Frankfurt Main"]
[Date "2025.05.19"]
[Round "4.43"]
[White "Lopez Fuertes, Victor"]
[Black "Manasek, Martin"]
[Result "1/2-1/2"]
[WhiteElo "1741"]
[BlackElo "1641"]
[PlyCount "65"]
[EventDate "2025.04.28"]
[EventType "swiss"]
[EventRounds "7"]
[EventCountry "GER"]
[WhiteTeam "SC 1910 Höchst"]
[BlackTeam "SC Flörsheim 1921"]

1. e4 c6 2. d4 d5 3. exd5 cxd5 4. c4 e6 5. Nc3 Nf6 6. Bg5 Be7 7. Nf3 O-O 8. a3 Nc6 9. Be2 a6 10. O-O dxc4 11. Bxc4 b5 12. Ba2 Nd5 13. Nxd5 exd5 14. Bxe7 Nxe7 15. Rc1 Bb7 16. Re1 Rc8 17. Qd3 Ng6 18. Qf5 Nh4 19. Rxc8 Bxc8 20. Qxd5 Nxf3+ 21. Qxf3 Qxd4 22. h3 Qxb2 23. Bxf7+ Kh8 24. Re8 Qc1+ 25. Kh2 Qc5 26. Bh5 Rxe8 27. Bxe8 Qd6+ 28. g3 Qe6 29. Qf8+ Qg8 30. Qe7 Qe6 31. Qd8 Qf6 32. Qxc8 Qxf2+ 33. Kh1 1/2-1/2